Blockchain now and tomorrow Assessing multidimensional impacts of distributed ledger technologies /

Detalles Bibliográficos
Autor principal: Bellia, M.
Otros Autores: Kounelis, I., Anderberg, A., Cals̈, L., Andonova, E., Pl̤vora, A., Petracco Giudici, M., Nascimento, S., Inamorato dos Santos, A., Rossetti, F., Papanagiotou, E., Nai Fovino, I., Spirito, L., Sobolewski, M.
Formato: eBook
Lenguaje:inglés
Publicado: Bruselas: European Union Publications Office, 2019
Materias:
Acceso en línea:Acceso restringido

MARC

LEADER 00000nam a22000007a 4500
005 20211229203825.0
007 cr|||| ||||
008 211229s2019 eu |||||s||||i00||0 eng d
020 |a 978-92-76-08977-3 
035 |a 33988 
040 |a vLex 
090 |c 12789  |d 12789 
100 1 |a Bellia, M. 
245 1 0 |a  Blockchain now and tomorrow  |h [Recurso electrn̤ico] :  |b Assessing multidimensional impacts of distributed ledger technologies /  |c M. Bellia, I. Kounelis, A. Anderberg, L. Cals̈, E. Andonova, A. Pl̤vora, M. Petracco Giudici, S. Nascimento, A. Inamorato dos Santos, F. Rossetti, E. Papanagiotou, I. Nai Fovino, L. Spirito, M. Sobolewski 
256 |a Servicio en ln̕ea 
260 |a Bruselas:  |b European Union Publications Office,  |c 2019 
300 |a 1 recurso electrn̤ico 
500 |a This report brings together research from the Joint Research Centre (JRC), the European Commission’s science and knowledge service. It provides multidimensional insights into the state of blockchain technology by identifying ongoing and upcoming transformations in a range of sectors and setting out an anticipatory approach for further exploration. Moving beyond the hype and debunking some of its controversies, it aim to offer both an in-depth and practical understanding of blockchain and its possible applications. 
506 1 |a Disponible solo en los productos indicados  |d vLex Global  |d vLex Global (Academic Edition, excluding Law Schools)  |d vLex Global (U.S. Academic Edition, Law Schools)  |d vLex Global (U.S. Academic Edition, excluding Law Schools)  |d vLex Global (Academic Edition, Law Schools) 
650 0 4 |a Derecho Comunitario  |z Unin̤ Europea 
700 1 |a Kounelis, I. 
700 1 |a Anderberg, A. 
700 1 |a Cals̈, L. 
700 1 |a Andonova, E. 
700 1 |a Pl̤vora, A. 
700 1 |a Petracco Giudici, M. 
700 1 |a Nascimento, S. 
700 1 |a Inamorato dos Santos, A. 
700 1 |a Rossetti, F. 
700 1 |a Papanagiotou, E. 
700 1 |a Nai Fovino, I. 
700 1 |a Spirito, L. 
700 1 |a Sobolewski, M. 
740 0 |a vLex Libros (Servicio en ln̕ea) 
856 4 0 |u https://app.vlex.com/#/sources/33988  |z Acceso restringido 
942 |c BOOK 
999 0 |a Community Law